| 000 | 01298cad a22002295a 4500 | ||
|---|---|---|---|
| 001 | L151659 | ||
| 008 | 101125s2010 xxk f 000 0 eng d | ||
| 035 | _a(Sirsi) u151659 | ||
| 041 | 0 | _aeng | |
| 050 | 0 | 4 | _a333.332 $2 19 |
| 110 | 2 |
_aRoyal Institution of Chartered Surveyors _bValuation Professional Group _95719 |
|
| 245 | 0 | 0 |
_aValuation information alert _bvaluations for local authority accounts: componentisation (draft awaiting Valuation Standards Board approval) _h[electronic resource] |
| 260 |
_aLondon _bRICS _c2010 |
||
| 490 | 0 | _aValuation Information Alert | |
| 520 | _aSets out an amendment to RICS Valuation Standards UK Appendix 1.5 Paragraph 7 in respect of accounting for depreciation. Deals with the identification of components and the apportionment process.The guidance is subject to ratification by the next Valuation Standards Board in December 2010 and is expected to be formally incorporated into the next revision of RICS Valuation Standards in 2011. | ||
| 521 | _aAdvanced | ||
| 590 | _aKA | ||
| 651 | 4 |
_aUnited Kingdom _y |
|
| 690 | _aPROPERTY-PROPERTY APPRAISAL AND VALUATION | ||
| 856 | 4 | 0 |
_uhttps://www.rics.org/site/download_feed.aspx?fileID=7694&fileExtension=PDF _zView the draft valuation information alert (member-only content) at www.rics.org |
| 942 | _n0 | ||
| 999 |
_c111521 _d111521 |
||